Natural rubber materials. Vol 1. Blends and IPNs (Record no. 74657)

MARC details
000 -LEADER
fixed length control field 00643nam a22002177a 4500
020 ## - INTERNATIONAL STANDARD BOOK NUMBER
ISBN 978-1-84973-610-7
022 ## - INTERNATIONAL STANDARD SERIAL NUMBER
ISSN 2044-0790
082 ## - DEWEY DECIMAL CLASSIFICATION NUMBER
Classification number NR:62:678.023.3
Item number THO.1
100 ## - MAIN ENTRY--AUTHOR NAME
Personal name THOMAS, Sabu. et al. Ed.
245 ## - TITLE STATEMENT
Title Natural rubber materials. Vol 1. Blends and IPNs
260 ## - PUBLICATION, DISTRIBUTION, ETC. (IMPRINT)
Place of publication Cambridge
Name of publisher Royal Society of Chemistry
Year of publication 2014
300 ## - PHYSICAL DESCRIPTION
Number of Pages 613p.
490 ## - SERIES STATEMENT
Series statement RSC Polymer Chemistry Series No. 7
650 ## - SUBJECT ADDED ENTRY--TOPICAL TERM
Topical Term Natural rubber blends
650 ## - SUBJECT ADDED ENTRY--TOPICAL TERM
Topical Term Interpenetrating Polymer Networks
650 ## - SUBJECT ADDED ENTRY--TOPICAL TERM
Topical Term IPNs
650 ## - SUBJECT ADDED ENTRY--TOPICAL TERM
Topical Term NR biosynthesis
650 ## - SUBJECT ADDED ENTRY--TOPICAL TERM
Topical Term Natural rubber production
650 ## - SUBJECT ADDED ENTRY--TOPICAL TERM
Topical Term Commercial NR latex production
942 ## - ADDED ENTRY ELEMENTS (KOHA)
Koha item type Books
Holdings
Withdrawn status Lost status Damaged status Not for loan Home library Current library Date acquired Source of acquisition Cost, normal purchase price Full call number Accession Number Koha item type
        RRII Library RRII Library 06/04/2022 M/s.Southern Book Star, Trivandrum Inv No SBS T/335 dt 23.3.22 for Rs 9531.00 for 2 books 5995.00 NR:62:678.023.3 THO.1 23524 Books